LEGENDERY LABORE LEADERES (Record no. 8881)

MARC details
000 -LEADER
fixed length control field 00388nam a22001697a 4500
003 - CONTROL NUMBER IDENTIFIER
control field OSt
005 - DATE AND TIME OF LATEST TRANSACTION
control field 20211004103408.0
008 - FIXED-LENGTH DATA ELEMENTS--GENERAL INFORMATION
fixed length control field 211004b |||||||| |||| 00| 0 eng d
020 ## - INTERNATIONAL STANDARD BOOK NUMBER
International Standard Book Number 1881508447
040 ## - CATALOGING SOURCE
Transcribing agency HU
082 ## - DEWEY DECIMAL CLASSIFICATION NUMBER
Classification number 331
100 ## - MAIN ENTRY--PERSONAL NAME
Personal name TOMAS STRIISSGUTH
9 (RLIN) 9499
245 ## - TITLE STATEMENT
Title LEGENDERY LABORE LEADERES
260 ## - PUBLICATION, DISTRIBUTION, ETC.
Place of publication, distribution, etc. MINNEAPOLIS
Name of publisher, distributor, etc. INC
Date of publication, distribution, etc. 1998
300 ## - PHYSICAL DESCRIPTION
Extent 160
942 ## - ADDED ENTRY ELEMENTS (KOHA)
Source of classification or shelving scheme Dewey Decimal Classification
Koha item type Books like text book referance book
Suppress in OPAC No
Holdings
Withdrawn status Lost status Source of classification or shelving scheme Damaged status Not for loan Home library Current library Shelving location Date acquired Total Checkouts Full call number Barcode Date last seen Copy number Price effective from Koha item type
    Dewey Decimal Classification     College of Business and Economics Library College of Business and Economics Library General Stacks 10/04/2021   331/STR MBELIB00000725 10/04/2021 1 10/04/2021 Books like text book referance book
    Dewey Decimal Classification     College of Business and Economics Library College of Business and Economics Library General Stacks 10/04/2021   331/STR MBELIB00000726 10/04/2021 2 10/04/2021 Books like text book referance book
    Dewey Decimal Classification     College of Business and Economics Library College of Business and Economics Library General Stacks 10/04/2021   331/STR MBELIB00000727 10/04/2021 3 10/04/2021 Books like text book referance book